|
|
|
|
| LEADER |
00000nam a2200000 a 4500 |
| 001 |
vtls001394492 |
| 003 |
SK-MaSNL |
| 005 |
20260301115903.0 |
| 008 |
251124s1997 PL abc r 0yy0 pol |
| 020 |
|
|
|a 8371693095
|c [700,00]
|
| 035 |
|
|
|a SNK000348827
|
| 040 |
|
|
|a SNK
|b slo
|c SNK
|e AACR2
|
| 041 |
0 |
|
|a pol
|
| 044 |
|
|
|a PL
|
| 080 |
|
|
|a 940.53(03)=84
|2 1981
|
| 080 |
|
|
|a 03=84
|2 1981
|
| 100 |
1 |
|
|a Wołoszański, Bogusław
|4 aut
|9 461599
|
| 245 |
1 |
|
|a Encyklopedia 2 wojny światowej. Front
|n Tom 1
|c Bogusław Wołoszański
|
| 260 |
|
|
|a Warszawa
|b Amber
|c c1997
|
| 300 |
|
|
|a 343 s.
|c 29 cm
|
| 650 |
0 |
7 |
|a druhá svetová vojna (1939-1945)
|x encyklopédie
|2 SNK
|9 461600
|
| 650 |
0 |
7 |
|a encyklopédie poľské
|2 SNK
|9 286953
|
| 919 |
|
|
|a 83-7169-309-5
|
| 999 |
|
|
|c 723939
|d 725869
|
| 952 |
|
|
|t P60, <04>, [BOOK], {604}
|a SNK
|b SNK
|y VYP
|7 0
|p 17A0253257
|o snkIB 70181/1
|i snkV 1666/2000
|0 0
|1 0
|4 0
|d 2000-10-18
|l 0
|r 2005-01-02 00:00:00
|w 2026-02-23
|